Juicio de medianería /
Guardado en:
| Otros Autores: | , , , |
|---|---|
| Formato: | Desconocido |
| Idioma: | Spanish |
| Publicado: |
Buenos Aires :
Hammurabi,
2009
|
| Edición: | 1a. ed. |
| Series: | Colección de procesos civiles
17 |
| Materias: | |
| Etiquetas: |
Agregar Etiqueta
Sin Etiquetas, Sea el primero en etiquetar este registro!
|
| LEADER | 00664nac a22002055a 4500 | ||
|---|---|---|---|
| 001 | DER.der009605 | ||
| 008 | 180615s2009####ag#||||||||||||||#||spa|| | ||
| 005 | 20251020173559.0 | ||
| 245 | 1 | 0 | |a Juicio de medianería / |c dirigido por Claudio M. Kiper, Mario O. Arraga Penido, Mariano C. Otero. |
| 250 | |a 1a. ed. | ||
| 260 | |a Buenos Aires : |b Hammurabi, |c 2009 | ||
| 300 | |a 490 p. | ||
| 440 | 0 | |a Colección de procesos civiles |v 17 | |
| 020 | |a 9789507414039 | ||
| 700 | 1 | |a Kiper, Claudio M. |e director | |
| 700 | 1 | |a Arraga Penido, Mario O. | |
| 700 | 1 | |a Otero, Mariano C. | |
| 700 | 1 | |a Zelaya, Mario A. | |
| 650 | 7 | |a DERECHOS REALES | |
| 859 | |a DERECHO |b BIB. DERECHO |h 346 |i KIP |p 006265 | ||
